[Event "Titled Tuesday intern op 23rd Apr Late"]
[Site "Chess.com INT"]
[Date "2024.04.23"]
[Round "2"]
[White "Ivanov, Aleksandr Y"]
[Black "Toktomushev, Teimur"]
[Result "0-1"]
[WhiteElo "2068"]
[BlackElo "2266"]
[PlyCount "82"]
[EventDate "2024.04.23"]
[EventType "swiss (blitz)"]
[EventRounds "11"]
[EventCountry "USA"]
[SourceTitle "CB18_2024"]
[SourceDate "2024.05.01"]
[SourceVersion "1"]
[SourceVersionDate "2024.05.01"]
[SourceQuality "2"]

1. d4 d5 2. c4 e6 3. Nc3 Nf6 4. cxd5 exd5 5. Bg5 c6 6. e3 Be7 7. Bd3 Nbd7 8. Qc2 Nh5 9. Bxe7 Qxe7 10. 0-0-0 Nb6 11. h3 Be6 12. Nf3 0-0-0 13. Kb1 g6 14. g4 Ng7 15. Rc1 Kb8 16. Na4 Nxa4 17. Qxa4 Ne8 18. Rc3 Nc7 19. Rhc1 f6 20. Ra3 a6 21. Rb3 Nb5 22. Qa5 Qc7 23. Qb4 Qd6 24. Qa5 Qc7 25. Qd2 h5 26. a4 Nd6 27. Bxa6 hxg4 28. hxg4 Bxg4 29. Ne1 Bf5+ 30. Ka2 Ka7 31. Bd3 Nc4 32. Bxc4 dxc4 33. Rxc4 Be6 34. Qb4 Bxc4 35. Qxc4 Qa5 36. Nd3 Rd7 37. Nc5 Rc7 38. Ne6 Re7 39. Nc5 b6 40. Nd3 Kb7 41. Nb4 Rc8 0-1

[Event "Titled Tuesday intern op 23rd Apr Late"]
[Site "Chess.com INT"]
[Date "2024.04.23"]
[Round "9"]
[White "Zacarias Martinez, Ruben David"]
[Black "Toktomushev, Teimur"]
[Result "1-0"]
[WhiteElo "2206"]
[BlackElo "2266"]
[PlyCount "77"]
[EventDate "2024.04.23"]
[EventType "swiss (blitz)"]
[EventRounds "11"]
[EventCountry "USA"]
[SourceTitle "CB18_2024"]
[SourceDate "2024.05.01"]
[SourceVersion "1"]
[SourceVersionDate "2024.05.01"]
[SourceQuality "2"]

1. e4 c5 2. Nf3 e6 3. d4 cxd4 4. Nxd4 a6 5. Nc3 b5 6. g3 Bb7 7. Bg2 Nf6 8. a3 Qc7 9. 0-0 Nc6 10. Nb3 d6 11. f4 Be7 12. Be3 0-0 13. Qe2 Rfd8 14. Rad1 Na5 15. Nxa5 Qxa5 16. Bd2 Qc7 17. g4 Qc4 18. Qxc4 bxc4 19. g5 Nd7 20. Be3 Bc6 21. Bd4 Rab8 22. Ne2 e5 23. fxe5 dxe5 24. Bc3 Bxg5 25. Rd6 Be3+ 26. Kh1 Ba8 27. Rfd1 Bd4 28. Nxd4 exd4 29. R6xd4 Rb7 30. Bh3 Rc7 31. Rxd7 Bxe4+ 32. Kg1 Rcxd7 33. Rxd7 Re8 34. Ba5 Bxc2 35. Rd8 Rxd8 36. Bxd8 f6 37. Be6+ Kf8 38. Bxc4 Bd3 39. Bxd3 1-0

[Event "Titled Tuesday intern op 16th Apr Late"]
[Site "Chess.com INT"]
[Date "2024.04.16"]
[Round "6"]
[White "Brodsky, David"]
[Black "Toktomushev, Teimur"]
[Result "1-0"]
[WhiteElo "2515"]
[BlackElo "2266"]
[PlyCount "129"]
[EventDate "2024.04.16"]
[EventType "swiss (blitz)"]
[EventRounds "11"]
[EventCountry "USA"]
[SourceTitle "CB17_2024"]
[SourceDate "2024.04.24"]
[SourceVersion "1"]
[SourceVersionDate "2024.04.24"]
[SourceQuality "1"]

1. e4 c5 2. Nf3 e6 3. d4 cxd4 4. Nxd4 a6 5. Bd3 Bc5 6. Nb3 Ba7 7. Qe2 Ne7 8. Be3 0-0 9. Nc3 Nbc6 10. 0-0-0 b5 11. Bxa7 Rxa7 12. Qe3 b4 13. Na4 d5 14. exd5 Nxd5 15. Qh3 g6 16. Be4 Na5 17. Kb1 Bd7 18. Nac5 Nxb3 19. axb3 a5 20. Bxd5 exd5 21. Qe3 Re8 22. Qd4 Qb6 23. Nxd7 Qxd4 24. Rxd4 Rxd7 25. Rhd1 Kg7 26. Kc1 Re2 27. R4d2 Rxd2 28. Kxd2 Kf6 29. Ra1 Ra7 30. Kd3 Ke5 31. g3 Kd6 32. Kd4 Rc7 33. c3 bxc3 34. bxc3 Rb7 35. Rxa5 Rxb3 36. Rxd5+ Ke7 37. Re5+ Kd6 38. Re2 Ra3 39. c4 Ra4 40. g4 Ra5 41. h4 Ra4 42. Rb2 Ra3 43. Rb6+ Ke7 44. Rb7+ Ke6 45. Rb6+ Ke7 46. Ke4 Rc3 47. Rc6 Kd7 48. Rc5 Kd6 49. Rd5+ Ke6 50. Rd4 Rc2 51. f3 f5+ 52. gxf5+ gxf5+ 53. Kd3 Rf2 54. Ke3 Rh2 55. c5 Ke5 56. f4+ Ke6 57. Rd6+ Ke7 58. Rh6 Rc2 59. Rxh7+ Ke6 60. c6 Kd5 61. c7 Rc3+ 62. Kd2 Rc6 63. Kd3 Rc1 64. h5 Rd1+ 65. Kc2 1-0

[Event "Titled Tuesday intern op 16th Apr Early"]
[Site "Chess.com INT"]
[Date "2024.04.16"]
[Round "3"]
[White "De Winter, Arthur"]
[Black "Toktomushev, Teimur"]
[Result "1-0"]
[WhiteElo "2413"]
[BlackElo "2266"]
[PlyCount "51"]
[EventDate "2024.04.16"]
[EventType "swiss (blitz)"]
[EventRounds "11"]
[EventCountry "USA"]
[SourceTitle "CB17_2024"]
[SourceDate "2024.04.24"]
[SourceVersion "1"]
[SourceVersionDate "2024.04.24"]
[SourceQuality "1"]

1. e4 c5 2. Nf3 e6 3. d4 cxd4 4. Nxd4 a6 5. g4 Nf6 6. Nc3 d6 7. g5 Nfd7 8. h4 b5 9. a3 Bb7 10. h5 Nc6 11. Nxc6 Bxc6 12. Be3 Nc5 13. Qg4 Qc7 14. 0-0-0 Rb8 15. b4 Na4 16. Nxa4 bxa4 17. Bxa6 d5 18. g6 hxg6 19. hxg6 Rxh1 20. Rxh1 dxe4 21. Bf4 e5 22. gxf7+ Qxf7 23. Bxe5 Ra8 24. Rd1 Rxa6 25. Qc8+ Ke7 26. Qxa6 1-0

[Event "Titled Tuesday intern op 16th Apr Late"]
[Site "Chess.com INT"]
[Date "2024.04.16"]
[Round "2"]
[White "Galaktionov, Artem"]
[Black "Toktomushev, Teimur"]
[Result "1-0"]
[WhiteElo "2338"]
[BlackElo "2266"]
[PlyCount "59"]
[EventDate "2024.04.16"]
[EventType "swiss (blitz)"]
[EventRounds "11"]
[EventCountry "USA"]
[SourceTitle "CB17_2024"]
[SourceDate "2024.04.24"]
[SourceVersion "1"]
[SourceVersionDate "2024.04.24"]
[SourceQuality "1"]

1. d4 d5 2. c4 e6 3. Nf3 Nf6 4. Nc3 Be7 5. Bf4 0-0 6. e3 b6 7. Bd3 dxc4 8. Bxc4 Ba6 9. Bxa6 Nxa6 10. 0-0 c5 11. Qe2 Qc8 12. Rac1 Qb7 13. Nb5 Rfd8 14. a3 Rac8 15. h3 cxd4 16. Nfxd4 Nc5 17. Qf3 Nd5 18. b4 Nxf4 19. Qxb7 Nxh3+ 20. gxh3 Nxb7 21. Nc6 Rxc6 22. Rxc6 Bf6 23. Rc7 Nd6 24. Nxd6 Rxd6 25. Rxa7 g6 26. Rc1 Rd3 27. Rcc7 Be5 28. Rxf7 Rd1+ 29. Kg2 Rd2 30. Rfe7 1-0

[Event "Titled Tuesday intern op 16th Apr Late"]
[Site "Chess.com INT"]
[Date "2024.04.16"]
[Round "10"]
[White "Sroczynski, Maciej"]
[Black "Toktomushev, Teimur"]
[Result "1-0"]
[WhiteElo "2256"]
[BlackElo "2266"]
[PlyCount "91"]
[EventDate "2024.04.16"]
[EventType "swiss (blitz)"]
[EventRounds "11"]
[EventCountry "USA"]
[SourceTitle "CB17_2024"]
[SourceDate "2024.04.24"]
[SourceVersion "1"]
[SourceVersionDate "2024.04.24"]
[SourceQuality "1"]

1. d4 d5 2. c4 e6 3. Nf3 Nf6 4. Nc3 Be7 5. Bg5 0-0 6. e3 h6 7. Bh4 b6 8. cxd5 Nxd5 9. Bxe7 Qxe7 10. Nxd5 exd5 11. Rc1 Be6 12. Be2 c5 13. dxc5 bxc5 14. 0-0 Nd7 15. Qa4 Rfc8 16. Qa3 Qd6 17. Rfd1 Qb6 18. b3 a5 19. Ne1 a4 20. bxa4 Qa5 21. Bf3 Nb6 22. Nd3 Qxa4 23. Qc3 Qxa2 24. Nf4 d4 25. exd4 cxd4 26. Qxd4 Rxc1 27. Rxc1 Rc8 28. Rxc8+ Nxc8 29. h3 Qb1+ 30. Kh2 Qb8 31. g3 Ne7 32. Nxe6 fxe6 33. Qd7 Qf8 34. Qxe6+ Qf7 35. Qe3 Nf5 36. Qd3 Kh8 37. Bd5 Qf6 38. Be4 Nd6 39. Bf3 Nf7 40. Qe3 Ne5 41. Be4 Nc4 42. Qc5 Nd6 43. Bg2 Kg8 44. h4 Kf8 45. Kg1 Qe7 46. Bd5 1-0

[Event "Titled Tuesday intern op 16th Apr Late"]
[Site "Chess.com INT"]
[Date "2024.04.16"]
[Round "11"]
[White "Toktomushev, Teimur"]
[Black "Bold, Andre"]
[Result "0-1"]
[WhiteElo "2266"]
[BlackElo "2218"]
[PlyCount "104"]
[EventDate "2024.04.16"]
[EventType "swiss (blitz)"]
[EventRounds "11"]
[EventCountry "USA"]
[SourceTitle "CB17_2024"]
[SourceDate "2024.04.24"]
[SourceVersion "1"]
[SourceVersionDate "2024.04.24"]
[SourceQuality "1"]

1. d4 g6 2. c4 Bg7 3. Nc3 d6 4. e4 Nf6 5. f3 0-0 6. Be3 c6 7. Nge2 a6 8. a4 Qc7 9. Qd2 e5 10. g4 Nbd7 11. h4 exd4 12. Nxd4 Ne5 13. Be2 c5 14. Nc2 Be6 15. b3 Rad8 16. h5 Rfe8 17. Bh6 Bxg4 18. Bxg7 Kxg7 19. fxg4 Nexg4 20. Qf4 Ne5 21. 0-0-0 b5 22. cxb5 c4 23. b4 axb5 24. hxg6 fxg6 25. Qh6+ Kg8 26. axb5 Qa7 27. Kb2 Ra8 28. Ra1 Qf2 29. Nd5 Ned7 30. Nxf6+ Qxf6+ 31. Kb1 Rxa1+ 32. Nxa1 Nf8 33. Bxc4+ Kh8 34. Nc2 Qg7 35. Qxg7+ Kxg7 36. Bd5 Rb8 37. Nd4 Nd7 38. Kb2 Nf6 39. Kb3 h5 40. Ra1 h4 41. Ne6+ Kh6 42. Nf4 g5 43. Ne6 g4 44. Rf1 Nd7 45. Nd4 Ne5 46. Nf5+ Kg5 47. Nxd6 h3 48. Rf5+ Kh4 49. Rxe5 h2 50. Re7 Rh8 51. e5 g3 52. b6 Kh3 0-1

[Event "Titled Tuesday intern op 16th Apr Early"]
[Site "Chess.com INT"]
[Date "2024.04.16"]
[Round "9"]
[White "Toktomushev, Teimur"]
[Black "Omelja, Artem"]
[Result "1-0"]
[WhiteElo "2266"]
[BlackElo "2444"]
[PlyCount "65"]
[EventDate "2024.04.16"]
[EventType "swiss (blitz)"]
[EventRounds "11"]
[EventCountry "USA"]
[SourceTitle "CB17_2024"]
[SourceDate "2024.04.24"]
[SourceVersion "1"]
[SourceVersionDate "2024.04.24"]
[SourceQuality "1"]

1. d4 d5 2. c4 c6 3. Nc3 e6 4. e3 Nf6 5. Nf3 Nbd7 6. Qc2 Bd6 7. Bd3 dxc4 8. Bxc4 b5 9. Bd3 Bb7 10. 0-0 a6 11. e4 e5 12. h3 0-0 13. dxe5 Nxe5 14. Nxe5 Bxe5 15. Be3 Re8 16. Rad1 Qe7 17. Ne2 Bc7 18. Bc5 Qe6 19. Nd4 Qc8 20. f4 g6 21. e5 Nd5 22. Rde1 Qd7 23. f5 Bxe5 24. fxg6 fxg6 25. Kh1 Bg7 26. Nf5 gxf5 27. Bxf5 Qc7 28. Bxh7+ Kh8 29. Bg6 Rxe1 30. Rxe1 Qg3 31. Qe2 Nf6 32. Bf2 Qg5 33. Bd3 1-0

[Event "Titled Tuesday intern op 16th Apr Early"]
[Site "Chess.com INT"]
[Date "2024.04.16"]
[Round "5"]
[White "Toktomushev, Teimur"]
[Black "Santos, Isaque Goncalves"]
[Result "1-0"]
[WhiteElo "2266"]
[BlackElo "1980"]
[PlyCount "55"]
[EventDate "2024.04.16"]
[EventType "swiss (blitz)"]
[EventRounds "11"]
[EventCountry "USA"]
[SourceTitle "CB17_2024"]
[SourceDate "2024.04.24"]
[SourceVersion "1"]
[SourceVersionDate "2024.04.24"]
[SourceQuality "1"]

1. d4 d5 2. c4 c6 3. Nc3 e6 4. e3 f5 5. f4 Nf6 6. Nf3 Be7 7. Be2 0-0 8. 0-0 Ne4 9. Ne5 Nd7 10. Nxe4 fxe4 11. Bd2 Nf6 12. b4 Bd7 13. a4 dxc4 14. Bxc4 Nd5 15. Qb1 Nf6 16. f5 Nd5 17. Qxe4 exf5 18. Bxd5+ cxd5 19. Qxd5+ Kh8 20. Qxd7 Qxd7 21. Nxd7 Rac8 22. Rac1 Rcd8 23. Nc5 b6 24. Ne6 Rde8 25. Nxf8 Rxf8 26. Rc7 Bf6 27. Rxf5 h6 28. d5 1-0

[Event "Titled Tuesday intern op 16th Apr Late"]
[Site "Chess.com INT"]
[Date "2024.04.16"]
[Round "9"]
[White "Toktomushev, Teimur"]
[Black "Zhou, Qiyu"]
[Result "1-0"]
[WhiteElo "2266"]
[BlackElo "2201"]
[PlyCount "73"]
[EventDate "2024.04.16"]
[EventType "swiss (blitz)"]
[EventRounds "11"]
[EventCountry "USA"]
[SourceTitle "CB17_2024"]
[SourceDate "2024.04.24"]
[SourceVersion "1"]
[SourceVersionDate "2024.04.24"]
[SourceQuality "1"]

1. d4 Nf6 2. c4 e6 3. Nf3 b6 4. g3 Ba6 5. Nbd2 d5 6. Bg2 Be7 7. 0-0 0-0 8. Qc2 c6 9. Rd1 Nbd7 10. e4 dxe4 11. Ne5 Bb7 12. Nxe4 Rc8 13. Qa4 Nxe4 14. Bxe4 Nxe5 15. dxe5 Qc7 16. Bf4 Rfd8 17. h4 a6 18. Qc2 h6 19. h5 c5 20. Qe2 Kh8 21. Qf3 Bxe4 22. Qxe4 b5 23. Kh2 Qb6 24. b3 Qa5 25. Qe2 Rd4 26. Rxd4 cxd4 27. cxb5 axb5 28. Rd1 Bc5 29. Qd2 b4 30. Rc1 Rd8 31. Bxh6 Bf8 32. Bg5 Ra8 33. Qxd4 Qxa2 34. Rc7 Kg8 35. Qf4 Qe2 36. Qxf7+ Kh8 37. h6 1-0

[Event "Titled Tuesday intern op 16th Apr Early"]
[Site "Chess.com INT"]
[Date "2024.04.16"]
[Round "6"]
[White "Zhizmer, Yuri"]
[Black "Toktomushev, Teimur"]
[Result "0-1"]
[WhiteElo "2289"]
[BlackElo "2266"]
[PlyCount "122"]
[EventDate "2024.04.16"]
[EventType "swiss (blitz)"]
[EventRounds "11"]
[EventCountry "USA"]
[SourceTitle "CB17_2024"]
[SourceDate "2024.04.24"]
[SourceVersion "1"]
[SourceVersionDate "2024.04.24"]
[SourceQuality "1"]

1. e4 c5 2. Nf3 e6 3. b3 d6 4. Bb2 Nf6 5. Bb5+ Bd7 6. Bxd7+ Nbxd7 7. d3 Be7 8. 0-0 0-0 9. Nbd2 b5 10. a4 a6 11. e5 dxe5 12. Nxe5 Nxe5 13. Bxe5 Qd5 14. Bb2 h6 15. Qf3 Qxf3 16. Nxf3 Nd5 17. Rfc1 Rfc8 18. Kf1 Rab8 19. Be5 Rb7 20. axb5 axb5 21. Nd2 f6 22. Bb2 Rbb8 23. g3 Ra8 24. Ke2 Kf7 25. c3 Nb6 26. c4 bxc4 27. dxc4 Nd7 28. Ne4 f5 29. Nd2 Bf6 30. Bxf6 Nxf6 31. f4 Re8 32. Nf3 Nd7 33. Rd1 Ke7 34. Kd3 Rxa1 35. Rxa1 Rb8 36. Kc3 Rb7 37. Ra6 Kf6 38. Rd6 g5 39. fxg5+ hxg5 40. h4 gxh4 41. gxh4 Ne5 42. Ng5 Re7 43. Rd8 f4 44. Rf8+ Nf7 45. Kd3 e5 46. Ne4+ Kg7 47. Rb8 Rd7+ 48. Ke2 Rd4 49. Nxc5 Kf6 50. Rb6+ Kf5 51. Rb5 e4 52. h5 Ne5 53. h6 Rd6 54. h7 f3+ 55. Kf2 Rd2+ 56. Kg3 Rg2+ 57. Kh3 Kf4 58. h8Q Rg3+ 59. Kh2 Ng4+ 60. Kh1 Nf2+ 61. Kh2 Rg2# 0-1

[Event "Titled Tuesday intern op 02nd Apr Late"]
[Site "Chess.com INT"]
[Date "2024.04.02"]
[Round "5"]
[White "Romero Ruscalleda, Josep"]
[Black "Toktomushev, Teimur"]
[Result "0-1"]
[WhiteElo "2153"]
[BlackElo "2266"]
[PlyCount "56"]
[EventDate "2024.04.02"]
[EventType "swiss (blitz)"]
[EventRounds "11"]
[EventCountry "USA"]
[SourceTitle "CB15_2024"]
[SourceDate "2024.04.10"]
[SourceVersion "1"]
[SourceVersionDate "2024.04.10"]
[SourceQuality "1"]

1. e4 c5 2. c3 d5 3. exd5 Qxd5 4. Nf3 Nf6 5. Na3 e6 6. Bc4 Qd8 7. 0-0 a6 8. d4 b5 9. Bd3 Bb7 10. Nc2 Nbd7 11. a4 b4 12. Bf4 Be7 13. Qe2 0-0 14. dxc5 bxc3 15. bxc3 Nxc5 16. Bc4 Nd5 17. Bd2 Bf6 18. Rfd1 Qe7 19. Ncd4 Rac8 20. Ne5 Ne4 21. Qxe4 Nxc3 22. Ndc6 Nxe4 23. Nxe7+ Bxe7 24. Ba5 Bf6 25. Nd7 Bxa1 26. Nxf8 Kxf8 27. Bb4+ Ke8 28. Bd3 Bb2 0-1

[Event "Titled Tuesday intern op 02nd Apr Late"]
[Site "Chess.com INT"]
[Date "2024.04.02"]
[Round "3"]
[White "Toktomushev, Teimur"]
[Black "Camacho Campusano, David Daniel"]
[Result "1-0"]
[WhiteElo "2266"]
[BlackElo "2181"]
[PlyCount "157"]
[EventDate "2024.04.02"]
[EventType "swiss (blitz)"]
[EventRounds "11"]
[EventCountry "USA"]
[SourceTitle "CB15_2024"]
[SourceDate "2024.04.10"]
[SourceVersion "1"]
[SourceVersionDate "2024.04.10"]
[SourceQuality "1"]

1. d4 Nf6 2. c4 c5 3. d5 b5 4. cxb5 a6 5. bxa6 g6 6. Nc3 Bg7 7. e4 0-0 8. a7 Rxa7 9. Nf3 Qa5 10. Bd3 Nxd5 11. Bd2 Nxc3 12. bxc3 Bxc3 13. 0-0 Bxd2 14. Nxd2 Ba6 15. Bxa6 Qxa6 16. e5 Nc6 17. f4 Qd3 18. Rf3 Qd4+ 19. Kh1 d5 20. exd6 exd6 21. f5 Ne5 22. Rh3 Rb7 23. Nf3 Qxd1+ 24. Rxd1 Nxf3 25. Rxf3 Rd8 26. fxg6 hxg6 27. h4 Kf8 28. Rfd3 Ke7 29. Re3+ Kd7 30. Rf3 Kc6 31. Rf6 Rb2 32. Rxf7 Rxa2 33. Rf6 Rh8 34. Rdxd6+ Kb5 35. Rf4 Ra4 36. Rxa4 Kxa4 37. Rxg6 Rxh4+ 38. Kg1 c4 39. Rc6 Kb3 40. Kf2 Rg4 41. Kf3 Rg8 42. g4 c3 43. g5 c2 44. Kf4 Kb2 45. Kf5 Rf8+ 46. Ke6 Rf3 47. Rxc2+ Kxc2 48. g6 Kd3 49. g7 Re3+ 50. Kf7 Rf3+ 51. Ke7 Rg3 52. Kf7 Ke4 53. g8Q Rf3+ 54. Ke7 Rf5 55. Qg6 Kf4 56. Kd6 Re5 57. Qh6+ Rg5 58. Ke6 Kg4 59. Qf6 Kh5 60. Qf4 Rg4 61. Qf5+ Rg5 62. Qh3+ Kg6 63. Ke7 Rf5 64. Ke6 Rg5 65. Qd3+ Kg7 66. Qe4 Rg6+ 67. Ke7 Rg5 68. Qf4 Rg6 69. Qf8+ Kh7 70. Qf4 Kg7 71. Qh4 Kg8 72. Ke8 Kg7 73. Ke7 Kg8 74. Qh5 Kg7 75. Qf5 Kh7 76. Kf7 Kh8 77. Kxg6 Kg8 78. Qf7+ Kh8 79. Qf8# 1-0

[Event "Karlsruhe Grenke op"]
[Site "Karlsruhe"]
[Date "2024.03.31"]
[Round "6"]
[White "Vanczak, Tamas"]
[Black "Toktomushev, Teimur"]
[Result "1/2-1/2"]
[WhiteElo "2431"]
[BlackElo "2268"]
[PlyCount "77"]
[EventDate "2024.03.28"]
[EventType "swiss"]
[EventRounds "9"]
[EventCountry "GER"]
[SourceTitle "CB14_2024"]
[SourceDate "2024.04.01"]
[SourceVersion "1"]
[SourceVersionDate "2024.04.01"]
[SourceQuality "1"]

1. e4 c5 2. Nf3 e6 3. d4 cxd4 4. Nxd4 a6 5. c4 Nf6 6. Nc3 Bb4 7. Qd3 d5 8. exd5 exd5 9. Be2 0-0 10. 0-0 Nc6 11. Nxc6 bxc6 12. cxd5 Nxd5 13. Nxd5 Qxd5 14. Qg3 Bd6 15. Bf4 Bxf4 16. Qxf4 Qf5 17. Qxf5 Bxf5 18. Bf3 Rab8 19. b3 c5 20. Rfc1 Rfc8 21. Bd5 Rc7 22. Bc4 a5 23. Re1 g6 24. h3 a4 25. bxa4 Rb4 26. Bb5 c4 27. g4 Be6 28. Re2 c3 29. Rc1 Rb2 30. Bd3 Rxe2 31. Bxe2 Bxa2 32. Bd1 Bd5 33. Kf1 Be4 34. f3 Bd3+ 35. Be2 Bxe2+ 36. Kxe2 Rc4 37. Ra1 c2 38. Kd2 c1Q+ 39. Rxc1 1/2-1/2

[Event "Titled Tuesday intern op 12th Mar Late"]
[Site "Chess.com INT"]
[Date "2024.03.12"]
[Round "2"]
[White "Figorito, Nick"]
[Black "Toktomushev, Teimur"]
[Result "1-0"]
[WhiteElo "2036"]
[BlackElo "2268"]
[PlyCount "67"]
[EventDate "2024.03.12"]
[EventType "swiss (blitz)"]
[EventRounds "11"]
[EventCountry "USA"]
[SourceTitle "CB12_2024"]
[SourceDate "2023.10.01"]
[SourceVersion "1"]
[SourceVersionDate "2023.10.01"]
[SourceQuality "1"]

1. Nf3 d5 2. g3 Nf6 3. Bg2 e6 4. 0-0 Be7 5. d4 0-0 6. Bf4 b6 7. c4 Bb7 8. cxd5 Nxd5 9. Bd2 Nd7 10. Nc3 c5 11. Nxd5 Bxd5 12. Bc3 Bf6 13. Rc1 Rc8 14. b3 cxd4 15. Bxd4 Rxc1 16. Qxc1 Bxd4 17. Nxd4 Bxg2 18. Kxg2 Nc5 19. Nf3 Qa8 20. Rd1 h6 21. b4 Ne4 22. Qf4 Nc3 23. Rd2 Rd8 24. a3 Rxd2 25. Qxd2 Nd5 26. Qc2 a5 27. b5 a4 28. h4 Qa5 29. Qc6 g6 30. Ne5 Qa7 31. e4 Nf6 32. Nc4 Qd7 33. Nxb6 Qxc6 34. bxc6 1-0

[Event "Titled Tuesday intern op 12th Mar Late"]
[Site "Chess.com INT"]
[Date "2024.03.12"]
[Round "5"]
[White "Toktomushev, Teimur"]
[Black "Cuevas Araya, Walter"]
[Result "0-1"]
[WhiteElo "2268"]
[BlackElo "2008"]
[PlyCount "72"]
[EventDate "2024.03.12"]
[EventType "swiss (blitz)"]
[EventRounds "11"]
[EventCountry "USA"]
[SourceTitle "CB12_2024"]
[SourceDate "2023.10.01"]
[SourceVersion "1"]
[SourceVersionDate "2023.10.01"]
[SourceQuality "1"]

1. d4 e5 2. dxe5 Nc6 3. Nf3 Qe7 4. Bf4 d6 5. exd6 Qf6 6. Qc1 Bxd6 7. Bxd6 Qxd6 8. e3 Bd7 9. Be2 0-0-0 10. 0-0 h5 11. Rd1 Qe7 12. Nc3 Nf6 13. Rb1 g5 14. b4 g4 15. Nd4 Nxd4 16. Rxd4 Bf5 17. Rf4 Be6 18. Nb5 a6 19. Nd4 Bxa2 20. Ra1 Bd5 21. b5 axb5 22. Bxb5 c6 23. Bd3 Kc7 24. Qb2 Nd7 25. Rb1 b6 26. Bf5 Qc5 27. Bxd7 Rxd7 28. Ne6+ Bxe6 29. Qxh8 Qxc2 30. Qe5+ Kb7 31. Rf1 Bc4 32. Qf5 Qxf5 33. Rxf5 Bxf1 34. Kxf1 b5 35. Rxh5 b4 36. Rh4 f5 0-1

[Event "Titled Tuesday intern op 12th Mar Late"]
[Site "Chess.com INT"]
[Date "2024.03.12"]
[Round "8"]
[White "Toktomushev, Teimur"]
[Black "Skaric, Djuro"]
[Result "1-0"]
[WhiteElo "2268"]
[BlackElo "2297"]
[PlyCount "67"]
[EventDate "2024.03.12"]
[EventType "swiss (blitz)"]
[EventRounds "11"]
[EventCountry "USA"]
[SourceTitle "CB12_2024"]
[SourceDate "2023.10.01"]
[SourceVersion "1"]
[SourceVersionDate "2023.10.01"]
[SourceQuality "1"]

1. d4 Nf6 2. c4 g6 3. Nc3 Bg7 4. e4 0-0 5. f3 d6 6. Be3 e5 7. Nge2 Nc6 8. Qd2 Nh5 9. 0-0-0 f5 10. exf5 gxf5 11. d5 Ne7 12. Rg1 Ng6 13. g3 f4 14. gxf4 Nhxf4 15. Nxf4 Nxf4 16. Bd3 Qh4 17. Rg3 Kh8 18. Rdg1 Bh6 19. Ne4 Bf5 20. Kb1 a6 21. Ka1 Rab8 22. Bc2 b6 23. Ng5 Bxc2 24. Qxc2 Bxg5 25. Rxg5 Rg8 26. Qf5 Rxg5 27. Qf6+ Kg8 28. Rxg5+ Qxg5 29. Qxg5+ Kf7 30. Bxf4 Rg8 31. Qf5+ Ke8 32. Bg3 Rf8 33. Qe6+ Kd8 34. Bh4+ 1-0

[Event "Titled Tuesday intern op 27th Feb Late"]
[Site "Chess.com INT"]
[Date "2024.02.27"]
[Round "1"]
[White "Hansen, Eric"]
[Black "Toktomushev, Teimur"]
[Result "1-0"]
[WhiteElo "2610"]
[BlackElo "2268"]
[PlyCount "105"]
[EventDate "2024.02.27"]
[EventType "swiss (blitz)"]
[EventRounds "11"]
[EventCountry "USA"]
[SourceTitle "CB10_2024"]
[SourceDate "2024.03.06"]
[SourceVersion "1"]
[SourceVersionDate "2024.03.06"]
[SourceQuality "1"]

1. e4 c5 2. Nf3 e6 3. c3 d5 4. exd5 Qxd5 5. d4 Nf6 6. Na3 Nc6 7. Be2 cxd4 8. Nb5 Qd8 9. Nbxd4 Nxd4 10. Qxd4 Qxd4 11. Nxd4 Bc5 12. Nb3 Bb6 13. Bf3 0-0 14. 0-0 e5 15. Bg5 e4 16. Be2 Ng4 17. Rad1 h6 18. Bc1 Ne5 19. Rd5 Ng6 20. Be3 Be6 21. Rd6 Bxe3 22. fxe3 Bxb3 23. axb3 Rfd8 24. Rfd1 Rxd6 25. Rxd6 Kf8 26. Rd7 Rb8 27. Rc7 Ne5 28. Kf2 Ke8 29. Kg3 Kd8 30. Rc5 f6 31. Kf4 Nd7 32. Rd5 Kc7 33. g4 Re8 34. Rxd7+ Kxd7 35. Bb5+ Ke7 36. Bxe8 Kxe8 37. Kxe4 Ke7 38. Kd5 Kd7 39. b4 a6 40. c4 g6 41. e4 Ke7 42. e5 f5 43. gxf5 gxf5 44. c5 h5 45. h4 Kd7 46. e6+ Ke7 47. Ke5 f4 48. Kxf4 Kxe6 49. Kg5 Kd5 50. Kxh5 Kc4 51. Kg5 Kxb4 52. h5 Kxc5 53. h6 1-0

[Event "Titled Tuesday intern op 27th Feb Late"]
[Site "Chess.com INT"]
[Date "2024.02.27"]
[Round "2"]
[White "Toktomushev, Teimur"]
[Black "Heinechen, John"]
[Result "0-1"]
[WhiteElo "2268"]
[BlackElo "1958"]
[PlyCount "120"]
[EventDate "2024.02.27"]
[EventType "swiss (blitz)"]
[EventRounds "11"]
[EventCountry "USA"]
[SourceTitle "CB10_2024"]
[SourceDate "2024.03.06"]
[SourceVersion "1"]
[SourceVersionDate "2024.03.06"]
[SourceQuality "1"]

1. d4 Nf6 2. c4 e6 3. Nf3 Bb4+ 4. Bd2 a5 5. g3 b6 6. Bg2 Bb7 7. 0-0 0-0 8. Bf4 Re8 9. c5 a4 10. a3 Ba5 11. Qxa4 bxc5 12. dxc5 Nd5 13. Qc4 Ba6 14. Qe4 f5 15. Qc2 Nxf4 16. gxf4 c6 17. Rd1 Bc7 18. e3 Qf6 19. Nc3 Bc4 20. Nd2 Bd5 21. f3 g5 22. Nxd5 exd5 23. fxg5 Qxg5 24. f4 Qe7 25. Qxf5 Qxe3+ 26. Kh1 Qxf4 27. Qxf4 Bxf4 28. Nf3 Re2 29. b4 Na6 30. Nd4 Re5 31. b5 Nxc5 32. bxc6 dxc6 33. Nxc6 Rh5 34. Ne7+ Kf7 35. Nxd5 Bxh2 36. Bf3 Rh6 37. Kg2 Rg8+ 38. Kf2 Bg3+ 39. Ke3 Re6+ 40. Kd4 Nb3+ 41. Kc4 Nxa1 42. Rxa1 Rc8+ 43. Kd3 Rd8 44. Rf1 Rf6 45. Bh5+ Kg7 46. Rxf6 Rxd5+ 47. Kc4 Rxh5 48. Rf3 Rh4+ 49. Kb5 Rg4 50. a4 h5 51. a5 h4 52. a6 Rg5+ 53. Kc6 Rg6+ 54. Kb7 Kh6 55. a7 Rg7+ 56. Kc8 Rg8+ 57. Kb7 Rg7+ 58. Kc8 Rxa7 59. Rf6+ Kg5 60. Rf8 Ra8+ 0-1

[Event "Titled Tuesday intern op 13th Feb Late"]
[Site "Chess.com INT"]
[Date "2024.02.13"]
[Round "2"]
[White "Toktomushev, Teimur"]
[Black "Camacho Campusano, David Daniel"]
[Result "1-0"]
[WhiteElo "2268"]
[BlackElo "2181"]
[PlyCount "67"]
[EventDate "2024.02.13"]
[EventType "swiss (blitz)"]
[EventRounds "11"]
[EventCountry "USA"]
[SourceTitle "CB08_2024"]
[SourceDate "2024.02.21"]
[SourceVersion "1"]
[SourceVersionDate "2024.02.21"]
[SourceQuality "1"]

1. d4 Nf6 2. c4 c5 3. d5 b5 4. cxb5 a6 5. bxa6 g6 6. Nc3 Bg7 7. Nf3 0-0 8. e4 Qa5 9. Be2 Nxe4 10. 0-0 Nxc3 11. bxc3 Bxc3 12. Rb1 Bxa6 13. Bh6 Bg7 14. Bxg7 Kxg7 15. Re1 Qd8 16. d6 e6 17. Qc1 Bxe2 18. Rxe2 Na6 19. h4 Qf6 20. h5 gxh5 21. Re5 Rg8 22. Rxh5 Kh8 23. Rh3 Nb4 24. a3 Nd3 25. Qc2 Qf5 26. Rg3 Rxg3 27. fxg3 Rg8 28. Rd1 c4 29. Qxc4 Ne5 30. Qc3 f6 31. Nxe5 fxe5 32. Re1 Rf8 33. Rxe5 Qxe5 34. Qxe5+ 1-0